Statistiche per Medagliere Ginnastica ritmica ai Giochi Olimpici

Clicka qui per fare il quiz!

Statistiche generali

  • Questo quiz è stato fatto 18 volte
  • Il punteggio medio è 11 su 15

Statistiche sulle risposte

Medaglie complessiveMedaglie d'OroMedaglie d'ArgentoMedaglie di BronzoRappresentativa olimpica% Corretto
2020Comitato Olimpico Russo
100%
3012Italia
100%
161042Russia
100%
3120Spagna
92%
5104Ucraina
92%
1010Cina
83%
7043Bielorussia
67%
5122Bulgaria
67%
1100Canada
67%
2101Unione Sovietica
67%
1001Grecia
58%
1001Germania Ovest
50%
1010Romania
50%
2101Squadra Unificata
50%
1100Israele
42%

Distribuzione punteggi

Percentile per numero di risposta

Percentuale di utenti per punteggio

I tuoi punteggi nel tempo

Non hai fatto questo quiz